| 000 | 00929cam a22002654a 4500 | ||
|---|---|---|---|
| 001 | 12137141 | ||
| 005 | 20180308032737.0 | ||
| 008 | 000810s2001 mdu b 001 0 eng | ||
| 010 | _a 00062654 | ||
| 020 | _a0847694097 (alk. paper) | ||
| 020 | _a0847694100 (pbk. : alk. paper) | ||
| 040 |
_aDLC _cDLC _dDLC |
||
| 041 | _aeng | ||
| 042 | _apcc | ||
| 043 | _an-us--- | ||
| 080 | _a325.73 | ||
| 082 | 0 | 0 |
_a325.73 DAN _221 |
| 100 | 1 | _a19 | |
| 101 | _aSHP | ||
| 245 | 1 | 0 |
_aDebating American immigration, 1882--present / _cRoger Daniels and Otis L. Graham ; introduction by James T. Patterson. |
| 504 | _aIncludes bibliographical references and index. | ||
| 906 |
_a7 _bcbc _corignew _d1 _eocip _f20 _gy-gencatlg |
||
| 942 |
_2ddc _cBK |
||
| 999 |
_c44363 _d44363 |
||